000 00596nam a2200217Ia 4500
003 OSt
005 20220928143542.0
006 a|||||r|||| 00| 0
007 ta
008 220927b |||||||| |||| 00| 0 eng d
024 _a22587
037 _cTextual
040 _aSDCL
_cSDCL
_beng
041 _2eng
_aeng
082 _aW691y7M91, N3
100 _aFontana Benedetto
_9505766
245 0 _aHegemony and power
_b On the relation between Gramsci and Machiavelli
260 _c1993
942 _hW691y7M91, N3
_cTEXL
_2CC
999 _c824580
_d824580